000 00373nam a2200145Ia 4500
008 150201s2001 xx 000 0 und d
082 _a612
_bT2001G
100 _aARTHUR C.GUYTON
245 _aTEXT BOOK OF MEDICAL PHYSIOLOGY
250 _a10TH
260 _bHARCOURT INDIA PRIVATE LIMITED
_aSINGAPORE
_c2001
300 _a1-1064
650 _aPHYSIOLOGY
942 _2ddc
_cBK
999 _c2558
_d2558